000 00549nam a2200193Ia 4500
008 170203s9999 xx 000 0 und d
020 _a9718170588
050 _a371.4
050 _b.Ev92i 2005
245 _aIntroduction to guidance and counseling (with questions and answers) /
245 _cLourdes L. Evangelista.
260 _aQuezon City :
260 _bBooklore Publishing,
260 _c2005
300 _a97 pages ;
300 _c26 cm.
500 _aIncludes bibliographical references.
650 _aEducational counseling.
999 _c305459
_d305459